Nezamestnanosť a jej riešenie po vstupe SR do EÚ

Vymedzenie pojmu nezamestnanosť. Trh práce. Príčiny odlišností reálneho trhu práce od ideálneho trhu práce: zákony o minimálnej mzde, existencia odborov, efektívnostná mzda, hľadanie pracovného miesta. Vývoj mesačnej minimálnej mzdy v SR od roku 2000 do 2010. Priemerná mesačná mzda podľa vybraných k...

ver descrição completa

Na minha lista:
Detalhes bibliográficos
Autor principal: Nižníková, Zuzana, 1986-
Outros Autores: Bilohuščinová, Denisa
Formato: Capítulo de Livro
Idioma:eslovaco
Assuntos:
Tags: Adicionar Tag
Sem tags, seja o primeiro a adicionar uma tag!

MARC

LEADER 00000naa$a2200000$$$4500
001 0128050
005 20240502083322.2
041 0 |a slo 
044 |a CZ 
245 1 0 |a Nezamestnanosť a jej riešenie po vstupe SR do EÚ  |c Zuzana Nižníková, Denisa Bilohuščinová 
520 |a Vymedzenie pojmu nezamestnanosť. Trh práce. Príčiny odlišností reálneho trhu práce od ideálneho trhu práce: zákony o minimálnej mzde, existencia odborov, efektívnostná mzda, hľadanie pracovného miesta. Vývoj mesačnej minimálnej mzdy v SR od roku 2000 do 2010. Priemerná mesačná mzda podľa vybraných krajov (2000-2009). Návrhy riešenia na zníženie nezamestnanosti. 
610 2 0 |a nezamestnanosť 
610 2 0 |a miesta pracovné 
610 2 0 |a miera nezamestnanosti 
610 2 0 |a trh práce 
610 2 0 |a mzdy minimálne 
610 2 0 |a mzdy priemerné 
610 2 0 |a Slovensko 
100 1 |a Nižníková, Zuzana, 1986- 
700 1 |a Bilohuščinová, Denisa